000 01434nam0a2200313 4500
001 RU\NLR\bibl\1361635
005 20260408063321.0
010 _a5-9332-097-8
035 _a(NLR Aleph) 001353806
090 _a937796
_c937796
100 _a20090424d2003 |||y0rusy50 ca
101 0 _arus
_aeng
102 _aRU
105 _aa |||||||||
200 1 _aНиколай Сажин
_e[альбом
_fавт. вступ. ст.: Михаил Герман, проф., д.иск., акад. Акад. гуманит. наук]
210 _aСанкт-Петербург
_cГосударственный Русский музей, Музей Людвига
_d2003
215 _a[136] с.
_cцв. ил.
_d22
300 _aТекст парал. на рус. и англ. яз.
320 _aБиблиогр. в конце кн.
600 1 _aСажин
_bН.А.
_f1948
_gНиколай Алексеевич
_jАльбомы
_92550370
_3RU\NLR\auth\661509193
686 _aЩ143(2Р=Рус)7-8Сажиня61
700 1 _aСажин
_bН. А.
_f1948-
_gНиколай Алексеевич
_4070
712 0 2 _4570
_aГосударственный Русский музей
_cСанкт-Петербург
_bМузей Людвига
_3RU\NLR\AUTH\8810033910
_9566286
801 0 _aRU
_bNLR
_c20090424
_gRCR
801 1 _aRU
_bNLR
_c20090424
830 _aавт. по кн.
942 _cBOOK
980 _aNB